000 00659nam a2200205Ia 4500
001 7934
003 AR-BaAGN
005 20231116141409.0
007 ta
008 211213s1931 ag |||||||||||||| ||spa d
040 _dAR-BaAGN
_aAR-BaAGN
_bspa
_eaacr
110 _aComisión de Fomento de la Tracción a Sangre de la Sociedad Rural Argentina
245 1 0 _aLa tracción a sangre en las faenas agrícolas :
_bel caballo es el elemento más económico para la agricultura
260 _aBuenos Aires :
_bLuis L. Gotelli,
_c1931.
300 _a15 páginas :
_bil.
336 _2rdacontent
_btxt
337 _2rdamedia
_bn
338 _2rdacarrier
_bnc
942 _cLIBRO
999 _c7934
_d7934